National Park of India/ (Record no. 195087)

MARC details
000 -LEADER
fixed length control field 00533nam a22001817a 4500
005 - DATE AND TIME OF LATEST TRANSACTION
control field 20230216154536.0
010 ## - LCCN (DPL NO)
LC control number ENG-136227
020 ## - INTERNATIONAL STANDARD BOOK NUMBER
International Standard Book Number 9788193588031
Terms of availability 950.00
035 ## - SYSTEM CONTROL NUMBER
System control number EN-119759
037 ## - SOURCE OF ACQUISITION
Source of stock number/acquisition DBAD/PUB
082 ## - DEWEY DECIMAL CLASSIFICATION NUMBER
Classification number 333.783
100 ## - MAIN ENTRY--PERSONAL NAME
Personal name Negi,Manoj
245 ## - TITLE STATEMENT
Title National Park of India/
Statement of responsibility, etc by Manoj Negi
260 ## - PUBLICATION, DISTRIBUTION, ETC. (IMPRINT)
Place of publication, distribution, etc New Delhi
Name of publisher, distributor, etc The Book People
Date of publication, distribution, etc 2017
270 ## - ADDRESS
Address R-33, sri niwas puri near ramdwara temple
City New Delhi
Postal code 110065
300 ## - PHYSICAL DESCRIPTION
Extent 224p.
Other physical details Index
Dimensions 23cm(pbk)
942 ## - ADDED ENTRY ELEMENTS (KOHA)
Source of classification or shelving scheme Dewey Decimal Classification
Item type English Books
Classification part 333.783
Call number suffix NEG
Holdings
Withdrawn status Lost status Not for loan Collection code Home library Current library Date acquired Source of acquisition Cost, normal purchase price Full call number Barcode Copy number Cost, replacement price Koha item type
      Non-fiction D.B.Act.Division Mobile Library 16/02/2023 DBAD/PUB 950.00 333.783 NEG EN-119759 1 950.00 English Books

© Delhi Public Library
Hit Counter
free hit counter